Targeted delivery of small and macromolecular drugs / (Record no. 21100)
[ view plain ]
| 000 -LEADER | |
|---|---|
| fixed length control field | 03117cam a22002895a 4500 |
| 001 - CONTROL NUMBER | |
| control field | 16062467 |
| 005 - DATE AND TIME OF LATEST TRANSACTION | |
| control field | 20151130141527.0 |
| 008 - FIXED-LENGTH DATA ELEMENTS--GENERAL INFORMATION | |
| fixed length control field | 100119t2010 flua frb 001 0 eng d |
| 020 ## - INTERNATIONAL STANDARD BOOK NUMBER | |
| International Standard Book Number | 9781420087727 (alk. paper) |
| 020 ## - INTERNATIONAL STANDARD BOOK NUMBER | |
| International Standard Book Number | 142008772X (alk. paper) |
| 040 ## - CATALOGING SOURCE | |
| Original cataloging agency | DNLM/DLC |
| Transcribing agency | DLC |
| Modifying agency | YDX |
| -- | BTCTA |
| -- | BAKER |
| -- | NLM |
| -- | UKM |
| -- | YDXCP |
| -- | CDX |
| -- | DLC |
| -- | EG-ScBUE |
| Language of cataloging | eng |
| 082 04 - DEWEY DECIMAL CLASSIFICATION NUMBER | |
| Classification number | 615.7 |
| Edition number | 22 |
| Item number | TAR |
| 245 00 - TITLE STATEMENT | |
| Title | Targeted delivery of small and macromolecular drugs / |
| Statement of responsibility, etc | edited by Ajit S. Narang, Ram I. Mahato. |
| 260 ## - PUBLICATION, DISTRIBUTION, ETC. (IMPRINT) | |
| Place of publication, distribution, etc | Boca Raton : |
| Name of publisher, distributor, etc | CRC Press / Taylor & Francis, |
| Date of publication, distribution, etc | c.2010. |
| 300 ## - PHYSICAL DESCRIPTION | |
| Extent | xvi, 614 p. : |
| Other physical details | ill. ; |
| Dimensions | 26 cm. |
| 500 ## - GENERAL NOTE | |
| General note | Index : p. 605-614. |
| 504 ## - BIBLIOGRAPHY, ETC. NOTE | |
| Bibliography, etc | Includes bibliographical references. |
| 505 0# - FORMATTED CONTENTS NOTE | |
| Formatted contents note | Therapeutic potential of targeted drug delivery / Ajit S. Narang and Ram I. Mahato -- Antibody therapies for liver malignancy and transplantation / John M. Luk and Kwong-Fai Wong -- Transferrin receptor-mediated transcytosis in intestinal epithelial cells for gastrointestinal absorption of protein drugs / Nurmamet Amet ... [et al.] -- Ionizing radiation for tumor targeted drug delivery / Roberto Diaz, Li Zhou, and Dennis E. Hallahan -- Recent advances in gene expression and delivery systems / Ravikiran Panakanti and Ram I. Mahato -- Cellular barriers for nucleic acid delivery and targeting / Arto Urtti -- Targeted delivery systems of non-viral nucleic acid-based therapeutics / Ga Yong Shim ... [et al.] -- Delivery and targeting of oligonucleotides and siRNA / Ningning Yang and Ram I. Mahato -- Liposomes for non-viral gene delivery / Jiasheng Tu ... [et al.] -- Delivering the bullet to the right intracellular target : a cellular perspective on drug delivery / Maria Teresa Tarrag�ao-Trani and Brian Storrie -- Mitochondria-targeted drug delivery / Volkmar Weissig and Gerard G. M. D'Souza -- Site-specific prodrug activation strategies for targeted drug action / Mark D. Erion -- Enzyme-activated prodrug strategies for targeted drug action / Jarkko Rautio ... [et al.] -- Targeting colon and kidney : pathophysiological determinants of design strategy / Ajit S. Narang and Ram I. Mahato -- Principles and practice of pulmonary drug delivery / Vivek Gupta, Chandan Thomas, and Fakhrul Ahsan -- Recent advances in ocular drug delivery : role of transporters, receptors, and nanocarriers / Gyan P. Mishra ... [et al.] -- Injectable polymers for regional drug delivery / Rajendra P. Pawar ... [et al.] -- Polymer-drug conjugates / Lucienne Juillerat-Jeanneret and Feride Cengelli -- Polymer micelles for drug delivery / Sungwon Kim and Kinam Park -- Multifunctional stimuli-responsive nanoparticles for targeted delivery of small and macromolecular therapeutics / Srinivas Ganta, Arun Iyer, and Mansoor Amiji -- Physiological stress responsive gene regulation systems for tissue targeting / Hyun Ah Kim and Minhyung Lee. |
| 650 #0 - SUBJECT ADDED ENTRY--TOPICAL TERM | |
| Topical term or geographic name as entry element | Drug targeting. |
| Source of heading or term | BUEsh |
| 650 #7 - SUBJECT ADDED ENTRY--TOPICAL TERM | |
| Topical term or geographic name as entry element | Drug delivery systems. |
| Source of heading or term | BUEsh |
| 9 (RLIN) | 36090 |
| 651 ## - SUBJECT ADDED ENTRY--GEOGRAPHIC NAME | |
| Source of heading or term | BUEsh |
| 653 ## - INDEX TERM--UNCONTROLLED | |
| Resource For college | Pharmacy |
| Arrived date list | November2015 |
| 655 ## - INDEX TERM--GENRE/FORM | |
| Form subdivision | Reading book |
| -- | 34232 |
| 700 1# - ADDED ENTRY--PERSONAL NAME | |
| Personal name | Mahato, Ram I., |
| Relator term | editor. |
| 700 1# - ADDED ENTRY--PERSONAL NAME | |
| Personal name | Narang, Ajit S., |
| Relator term | editor. |
| 942 ## - ADDED ENTRY ELEMENTS (KOHA) | |
| Source of classification or shelving scheme | Dewey Decimal Classification |
| Withdrawn status | Item status | Source of classification or shelving scheme | Damaged status | Not for loan | Vendor | Home library | Current library | Shelving location | Date acquired | Source of acquisition | Total Checkouts | Full call number | Barcode | Date last seen | Koha item type |
|---|---|---|---|---|---|---|---|---|---|---|---|---|---|---|---|
| Dewey Decimal Classification | Baccah | Central Library | Central Library | First floor | 30/11/2015 | Purchase | 615.7 TAR | 000031465 | 15/07/2025 | Book - Borrowing |